Loading...
| Science - Chemistry | 0 | 7 | 1 | 1 | 65 | 17 | 41.00 | 3 | 6 | 0.00 | 0.00 |
| Science - Physics | 0 | 7 | 1 | 0 | 65 | 30 | 56.71 | 2 | 6 | 0.00 | 0.00 |
| Fine Arts - Classical Music | 0 | 6 | 0 | 1 | 60 | 39 | 69.33 | 0 | 5 | 0.00 | 0.00 |
| Science - Other | 0 | 5 | 2 | 0 | 40 | 47 | 66.60 | 0 | 3 | 0.00 | 0.00 |
| Mythology | 0 | 4 | 0 | 0 | 40 | 32 | 54.00 | 0 | 4 | 0.00 | 0.00 |
| Science - Biology | 0 | 3 | 1 | 1 | 25 | 46 | 67.00 | 0 | 1 | 0.00 | 0.00 |
| History - World | 0 | 2 | 1 | 0 | 15 | 39 | 56.00 | 2 | 2 | 0.00 | 0.00 |
| Philosophy | 0 | 1 | 0 | 0 | 10 | 94 | 94.00 | 0 | 0 | 0.00 | 0.00 |
| Geography | 0 | 1 | 0 | 1 | 10 | 104 | 104.00 | 0 | 0 | 0.00 | 0.00 |
| Literature - American | 0 | 1 | 0 | 1 | 10 | 108 | 108.00 | 0 | 0 | 0.00 | 0.00 |
| Literature - British | 0 | 1 | 0 | 0 | 10 | 21 | 21.00 | 0 | 1 | 0.00 | 0.00 |
| Literature - European | 0 | 1 | 0 | 0 | 10 | 65 | 65.00 | 0 | 0 | 0.00 | 0.00 |
| History - American | 0 | 1 | 0 | 0 | 10 | 56 | 56.00 | 0 | 1 | 0.00 | 0.00 |
| History - European | 0 | 2 | 2 | 0 | 10 | 25 | 43.00 | 0 | 1 | 0.00 | 0.00 |
| Religion | 0 | 1 | 1 | 0 | 5 | 91 | 91.00 | 0 | 1 | 0.00 | 0.00 |
| Literature - World | 0 | 0 | 1 | 0 | -5 | 0.00 | 0 | 0 | 0.00 | 0.00 |